Gia đình bé mọn

Spremljeno u:
Bibliografski detalji
Glavni autor: Dạ Ngân
Format: Knjiga
Jezik:Undetermined
Izdano: Thành phố Hồ Chí Minh Phụ nữ 2008
Teme:
Oznake: Dodaj oznaku
Bez oznaka, Budi prvi tko označuje ovaj zapis!
Thư viện lưu trữ: Trung tâm Học liệu Trường Đại học Cần Thơ
LEADER 00661nam a2200229Ia 4500
001 CTU_136487
008 210402s9999 xx 000 0 und d
020 |c 39000 
082 |a 895.92234 
082 |b D100 
100 |a Dạ Ngân 
245 0 |a Gia đình bé mọn 
245 0 |c Dạ Ngân 
260 |a Thành phố Hồ Chí Minh 
260 |b Phụ nữ 
260 |c 2008 
526 |a Văn học Đồng bằng sông Cửu Long sau 1975 
526 |b SP596 
650 |a Vietnamese fiction,Tiểu thuyết 
650 |y 21st century 
904 |i Trọng Hải 
980 |a Trung tâm Học liệu Trường Đại học Cần Thơ